Principles of automatic data processing
Đã lưu trong:
| Údar Corparáideach: | |
|---|---|
| Formáid: | Leabhar |
| Teanga: | Undetermined |
| Foilsithe: |
U.S.A.
Data Processing Management Association
1969
|
| Ábhair: | |
| Clibeanna: |
Cuir Clib Leis
Gan Chlibeanna, Bí ar an gcéad duine leis an taifead seo a chlibeáil!
|
| Thư viện lưu trữ: | Trung tâm Học liệu Trường Đại học Cần Thơ |
|---|
| LEADER | 00556nam a2200181Ia 4500 | ||
|---|---|---|---|
| 001 | CTU_87239 | ||
| 008 | 210402s9999 xx 000 0 und d | ||
| 082 | |a 001.6 | ||
| 082 | |b P957 | ||
| 110 | |a Data Processing Management Association | ||
| 245 | 0 | |a Principles of automatic data processing | |
| 245 | 0 | |c Data Processing Management Association | |
| 260 | |a U.S.A. | ||
| 260 | |b Data Processing Management Association | ||
| 260 | |c 1969 | ||
| 650 | |a automatic data processing | ||
| 904 | |i Giang | ||
| 980 | |a Trung tâm Học liệu Trường Đại học Cần Thơ | ||